| 000 | 00557nam a2200157 4500 | ||
|---|---|---|---|
| 008 | 220302b |||||||| |||| 00| 0 eng d | ||
| 050 |
_aBS 2095, _b.A44 1974 |
||
| 110 | _aAmerican Bible Society | ||
| 245 |
_aGood news for modern man: _bToday's English version New Testament in color/ |
||
| 250 | _aThird Edition | ||
| 260 |
_a[New York: _bAmerican Bible Society, _c1974. |
||
| 300 |
_avi, 428 p. : _bill.; _c 27 cm. |
||
| 500 | _aIncludes index | ||
| 650 | _aBible. -- New Testament. | ||
| 942 |
_2lcc _cREF_BOOK _hBS 2095, .A44 1974 |
||
| 999 |
_c31346 _d31346 |
||